000 00794cam a2200277 4500500
005 20260329004049.0
041 _afre
042 _adc
100 1 0 _aGarnier, Philippe
_eauthor
245 0 0 _aCarlo Ginzburg : “L’historien est un avocat du diable”
260 _c2018.
500 _a51
690 _aAntifascisme
690 _aBologne
690 _aCarlo Ginzburg
690 _aHerméneutique
690 _aHistoire
690 _aInquisition
690 _aInterprétation
690 _aItalie
690 _aMicrohistoire
690 _aPadoue
690 _aSorcière
786 0 _nPhilosophie magazine | 120 | 6 | 2018-06-01 | p. 33-36 | 1951-1787
856 4 1 _uhttps://shs.cairn.info/magazine-philosophie-magazine-2018-6-page-33?lang=fr&redirect-ssocas=7080
999 _c1830284
_d1830284